000 00272nam a22001217a 4500
020 _a978-81-7963-875-0
082 _a823
_bVAS/N
100 _aVAS, KIRIN
245 _aNEW RIDDLES FOR KIDS
260 _aMUMBAI
_bSHREE BOOK CENTRE
650 _aRIDDLES
_zMUMBAI
942 _cBK
999 _c6091
_d6091